000 00820nam a2200229Ii 4500
003 JO-AjNU
008 230605s9999||||xx |||||||||||||| ||und||
017 _a2013/6/1999
020 _a978-9957-16-832-2
040 _aJO-AjNU
_bara
_erda
_cJO-AjNU
041 _aara
050 1 4 _aKZ4078.G42.2014
100 3 _a غرايبة، أشرف محمد,
_eauthor
_950783
245 0 0 _aالحصانة الدبلوماسية وضرورات حماية الأمن القومي
250 _aط1
264 3 1 _aعمان : دار الفكر ، 2014
300 _a327ص
_bيشتمل على ببلوغرافية ص ( 311-327)
336 _atext
_btxt
_2rdacontent
337 _aunmediated
_bn
_2rdamedia
338 _avolume
_bnc
_2rdacarrier
650 4 _aالحصانة الدبلوماسية -- الأمن القومى
_950784
999 _aA22391
_c25959
_d25959